LEADER 01255nam a2200229 i 4500 001 000000181253 003 CaOOAMICUS 005 20090827000000.0 008 090827s1977 it u000 u ita u 013 $a159085 040 $aSeMil$bita 100 1 $aGiovannoni, Gianni.$0(OLS)http://semarc/name/6866 245 10$aSillabo :$bovvero, sommario dei principali errori dell'etą nostra che sono notati nelle allocuzioni concistoriali, encicliche ed altre lettere apostoliche del SS. Signor Nostro Pio Papa 9. /$cNuova edizione italiana con testo a fronte e appendice documentaria a cura di Gianni Giovannoni. 260 $aSiena :$bCantagalli,$c1977. 300 $a209 p. ;$c18 cm. 490 0 $aI classici cristiani ;$v235.-236 830 2$aI classici cristiani ;$v235.-236.$0(OLS)http://semarc/title/386 850 $aSeMil 852 $aSeMil$W1$xVenegono$y1$m2S I 518$j131994$B131994$CSeMilBibl$Z2$F143785 $81 961 $aOmaggio: Altro 996 $6245$aSillabo :$bovvero, sommario dei principali errori dell'etą nostra che sono notati nelle allocuzioni concistoriali, encicliche ed altre lettere apostoliche del SS. Signor Nostro Pio Papa 9.$9(OLS)http://semarc/title/260222 996 $6260$aSiena :$bCantagalli$9(OLS)http://semarc/publisher/29767 LEADER 01550nam a2200253 i 4500 001 000000090792 003 CaOOAMICUS 005 20151126000000.0 008 151126s1664 it u000 u ita u 013 $a63034 026 $ae-e- S.VR uae- FiSe (3) 1664 (Q) 040 $aSeMil$bita 245 10$aVita del beato Bernardino da Feltri, predicator apostolico della regolar osservanza di S. Francesco. Scritta dal M.R.P. fra Bernardino da Chiasteggio ... con l'aggionta del Culto fatta dal padre frat'Innocenzo di Pauia .. 260 $aIn Pavia :$bPer Gio. Andrea Magri Stampatore della Cittą,$cpref. 1664. 300 $a[16], 296, [8] p. ;$c12°. 500 $aSegn. : ?8 A-T8. - Front. in cornice architettonica. - Iniz., e fregi xilogr. 600 04$aBernardino : da Feltre .$0(OLS)http://semarc/subject/16217 700 1 $aInnocenzo : da Pavia.$0(OLS)http://semarc/name/40726 700 1 $aBernardino : da Chiasteggio.$0(OLS)http://semarc/name/40727 710 0 $aMagri, Giovanni Andrea$c.$0(OLS)http://semarc/name/40728 850 $aSeMil 852 $aSeMil$W1$xVenegono$y1$m3J I 25 FA$j53759$B53759$CSeMilBibl$Z2$F58393 $8I 996 $6245$aVita del beato Bernardino da Feltri, predicator apostolico della regolar osservanza di S. Francesco. Scritta dal M.R.P. fra Bernardino da Chiasteggio ... con l'aggionta del Culto fatta dal padre frat'Innocenzo di Pauia ..$9(OLS)http://semarc/title/136810 996 $6260$aIn Pavia :$bPer Gio. Andrea Magri Stampatore della Cittą$9(OLS)http://semarc/publisher/43672